| 000 | 01175 am a22003375a 4500 | ||
|---|---|---|---|
| 999 |
_c29151 _d29122 |
||
| 001 | 007719255 | ||
| 003 | EG-ScBUE | ||
| 005 | 20210601114512.0 | ||
| 008 | 030704s2003 enk f 001 0 eng d | ||
| 020 | _a9780748767533 | ||
| 035 | _a(UkOxU)O15541547 | ||
| 040 |
_aUkOxU _beng _erda _cEG-ScBUE _dUk _dEG-ScBUE |
||
| 082 | 0 | 4 |
_a510 _bTIP _222 |
| 100 | 1 |
_aTipler, M. J., _eauthor. _918369 |
|
| 245 | 1 | 0 |
_aNew national framework mathematics. _n8 / _cM.J. Tipler, K.M. Vickers, J. Douglas. |
| 264 | 1 |
_aLondon : _bNelson Thornes, _c2003. |
|
| 300 |
_av, 440 pages : _billustrations ; _c28 cm |
||
| 336 |
_atext _2rdacontent _btxt |
||
| 337 |
_aunmediated _2rdamedia _bn |
||
| 338 |
_avolume _2rdacarrier _bnc |
||
| 500 | _aAccompanied by Teacher support file. | ||
| 500 | _aIncludes index. | ||
| 650 | 7 |
_aMathematics _vProblems, exercises, etc. _vJuvenile literature. _2BUEsh |
|
| 650 | 7 |
_aMathematics _xStudy and teaching (Secondary) _zGreat Britain. _2BUEsh |
|
| 653 |
_bGGEN _cJune2021 |
||
| 655 |
_vReading book _934232 |
||
| 700 | 1 |
_aVickers, K. M., _eauthor. |
|
| 700 | 1 |
_aDouglas, Jocelyn, _eauthor. |
|
| 942 |
_2ddc _cBB |
||